000 00328nam a2200157Ia 4500
100 _aRay chhanda
650 _aDatabase system
942 _cBK
366 _f25
245 _aDistributed database systems
260 _bPearson
_c2009
082 _a5.74
_bRAY
300 _a308
546 _aENGLISH
_cComputers
999 _c24475
_d24475